Arvaa Suomalainen Musiikkikappale Kuvasta #3 - Statistics

Yleistilastot
  • Tätä visaa on pelattu 1 109 kertaa
  • Keskiarvotulos 7 / 15
Vastaustilastot
Kuvavisa Hint Vastaus % Oikein
Vicky Rosti Sata salamaa
94%
Juice Leskinen Sika
88%
PMMP Pikkuveli
79%
Nylon Beat Satasen Laina
79%
JVG Popkorni
71%
Jari Sillanpää Satulinna
67%
Brita Koivunen Suklaasydän
65%
Frederik Titanic
53%
Tapio Rautavaara Isöisän Olkihattu
29%
Katri Helena Lintu ja Lapsi
29%
J Karjalainen Kolme Cowboyta
28%
Dingo Lakatut varpaankynnet
24%
ALMA Dye My Hair
21%
Aikakone Alla vaahterapuun
12%
Tapani Kansa Kultaniityt
10%
Ehtoja vastaavia visoja ei löytynyt
Tulosjakauma
Jokaisen tuloksen saaneiden osuus
Persentiili vastausten määrän mukaan
Tuloshistoriasi
Et ole pelannut tätä visaa